何たく? - Statistics

General Stats
  • This quiz has been taken 26 times
  • The average score is 9 of 13
Answer Stats
Hint Answer % Correct
キタク 帰/貴/寄
84%
シロタク
84%
ジャンタク
84%
トロタク トロ
80%
オニノイヌマニセンタク 鬼の居ぬ間に洗
72%
トウシシンタク 投資信
72%
ツメタク
68%
ヲタク オ/ヲ
68%
タタク
68%
サンタク 3
68%
アツタク
64%
ケッタク
64%
キムタク キムチ
28%
No matching quizzes found
Score Distribution
Percent of People with Each Score
Percentile by Number Answered
Your Score History
You have not taken this quiz